HB Property Developments Ltd v SOS for the Environment (Record no. 62206)
[ view plain ]
| 000 -LEADER | |
|---|---|
| fixed length control field | 01008cam a2200169 4500 |
| 001 - CONTROL NUMBER | |
| control field | X103563 |
| 008 - FIXED-LENGTH DATA ELEMENTS--GENERAL INFORMATION | |
| fixed length control field | 000000n2000 000 0 eng u |
| 035 ## - SYSTEM CONTROL NUMBER | |
| System control number | (Sirsi) u103563 |
| 245 ## - TITLE STATEMENT | |
| Title | HB Property Developments Ltd v SOS for the Environment |
| 260 ## - PUBLICATION, DISTRIBUTION, ETC. | |
| Date of publication, distribution, etc. | 2000 |
| 490 ## - SERIES STATEMENT | |
| Series statement | Property and Compensation Reports |
| Volume/sequential designation | [1999] 78 P&CR 2, 108-118 |
| 520 ## - SUMMARY, ETC. | |
| Summary, etc. | CA 17 February 1998. Landlord and tenant. Lease of office premises. Break clause provided for determination of lease on conditions. Tenant gave written notice that break clause being exercised. Condition as to payment of premium on due date not met. Landlord accepted keys and took over security to premises. Whether break notice effective. Whether landlord had waived strict requirements of performance. Whether landlord had requisite knowledge to elect to waive breach. TAKEN FROM JOURNAL HEADNOTE |
| 650 ## - SUBJECT ADDED ENTRY--TOPICAL TERM | |
| Topical term or geographic name entry element | BREAK CLAUSES |
| 650 ## - SUBJECT ADDED ENTRY--TOPICAL TERM | |
| Topical term or geographic name entry element | HB PROPERTY DEVELOPMENTS LTD V SOS ENVIRONMENT |
| 690 ## - LOCAL SUBJECT ADDED ENTRY--TOPICAL TERM (OCLC, RLIN) | |
| Topical term or geographic name as entry element | LANDLORD AND TENANT-CASE LAW-LEASES |
| 942 ## - ADDED ENTRY ELEMENTS (KOHA) | |
| Suppress in OPAC | 0 |
| Withdrawn status | Lost status | Source of classification or shelving scheme | Damaged status | Not for loan | Home library | Current library | Shelving location | Date acquired | Total Checkouts | Full call number | Barcode | Date last seen | Copy number | Price effective from | Koha item type |
|---|---|---|---|---|---|---|---|---|---|---|---|---|---|---|---|
| Dewey Decimal Classification | London | London | Journal article | 13/01/2000 | X103563 | 103563-1001 | 06/08/2019 | 1 | 06/08/2019 | Law report |